000 00367nam a2200145Ia 4500
008 210210b1978 xxu||||| |||| 00| 0 eng d
082 _a539.6 KIKM
100 _aKIKOIN (A K) & KIKOIN (I K).
245 _aMolecular physics.
260 _aMoscow
_bMir Publishers
_c1978
300 _a480
650 _aMolecular Physics
690 _aModern Physics
906 _a034258
999 _c84979
_d84979